| 000 | 00504nam a22001691 4500 | ||
|---|---|---|---|
| 001 | 134338 | ||
| 003 | ES-MaACL | ||
| 007 | t| | ||
| 008 | 070910s1926 sp ||||0| spa d | ||
| 016 | 7 | _zIND2000944052 | |
| 040 |
_aM-BN _bspa _cCDM |
||
| 100 | 1 |
_aWhite, Ellen Gould Harmon. _9116655 |
|
| 245 | 1 | 3 |
_aEl conflicto de los siglos durante la era cristiana / _cE. G. White. |
| 260 |
_aBarcelona : _b[Clarasó, _c1926?] |
||
| 300 |
_a860 p., 40 h. de lám : _bil. ; _c22 cm. |
||
| 852 |
_aES-MaACL _jB-3511 |
||
| 999 |
_c134338 _d134338 |
||